000 00625nam a2200205 i 4500
001 bg
100 1 _aGUTKOWSKI, Bogdan
245 1 0 _aAktualne przepisy w ochronie środowiska :
_bsuplement 1/99 /
_c[Bogdan Gutkowski] ; Agencja Ochrony Środowiska w Koszalinie.
260 _aKoszalin :
_bAOŚ,
_c1999.
300 _a64 s. ;
_c30 cm.
500 _aVerso kart nie zadrukowane.
650 9 _aŚrodowisko człowieka
_xochrona
_xprawo
_zPolska
020 _a8390925033
040 _cBPK
041 0 _apl
080 _a504:349.6](438)
920 _a83-909250-3-3
942 _cKS
008 s pl f |000 0 pol
999 _c33932
_d33932
856 _uhttp://koha.tu.koszalin.pl/cgi-bin/koha/opac-detail.pl?biblionumber=33932
_yKatalog online BPK